| 000 | 00502cam a2200193ua 4500 | ||
|---|---|---|---|
| 003 | OSt | ||
| 008 | 250423b |||||||| |||| 00| 0 eng d | ||
| 082 |
_a624.1517 _bKAN/SU |
||
| 100 |
_aKanetkar, T.P . _91395 |
||
| 245 | _aSurveying and levelling / | ||
| 250 | _a23 / | ||
| 260 |
_aPune : _bA.V Griha Publication , _c1965. |
||
| 300 | _a655 ; . | ||
| 650 |
_aField astronomy _91397 |
||
| 650 |
_aGeodetic surveying _91398 |
||
| 650 |
_aRanges _91399 |
||
| 700 | 1 |
_aKulkarni, S.V . _91396 |
|
| 942 | _cBK | ||
| 999 |
_c77 _d77 |
||